[Event "50th Sparkassen Open A"]
[Site "Dortmund GER"]
[Date "2023.06.25"]
[Round "2.5"]
[White "Aryan, Chopra"]
[Black "Colpe, Malte"]
[Result "1-0"]
[WhiteTitle "GM"]
[BlackTitle "IM"]
[WhiteElo "2626"]
[BlackElo "2382"]
[WhiteFideId "5084423"]
[BlackFideId "24623075"]
[EventDate "2023.06.24"]

1. e4 e5 2. Nf3 Nf6 3. Nxe5 d6 4. Nf3 Nxe4 5. d4 d5 6. Bd3 Bd6 7. O-O O-O 8. c4
c6 9. Re1 Bf5 10. Ng5 h6 11. Bxe4 dxe4 12. Nxe4 Bxh2+ 13. Kxh2 Qh4+ 14. Kg1 Bxe4
15. Nc3 Bg6 16. Be3 Nd7 17. f3 Rfe8 18. Qd2 Nf6 19. Bf2 Qh5 20. d5 cxd5 21. cxd5
b6 22. g4 Qh3 23. Qf4 h5 24. g5 Nd7 25. d6 Kh7 26. Nd5 Nc5 27. Bxc5 bxc5 28. Kf2
Red8 29. Rh1 Qd7 30. Rxh5+ Bxh5 31. Rh1 Rh8 32. Ne7 1-0

[Event "50th Sparkassen Open A"]
[Site "Dortmund GER"]
[Date "2023.06.25"]
[Round "2.6"]
[White "Akesson, Ralf"]
[Black "Svane, Rasmus"]
[Result "1/2-1/2"]
[WhiteTitle "GM"]
[BlackTitle "GM"]
[WhiteElo "2402"]
[BlackElo "2616"]
[WhiteFideId "1700120"]
[BlackFideId "4657101"]
[EventDate "2023.06.24"]

1. d4 Nf6 2. c4 e6 3. Nf3 b6 4. g3 Ba6 5. b3 Bb7 6. Bg2 Bb4+ 7. Bd2 c5 8. Bxb4
cxb4 9. a3 Na6 10. O-O O-O 11. axb4 Nxb4 12. Qd2 Qe7 13. Nc3 d5 14. cxd5 Nbxd5
15. Nxd5 Bxd5 16. b4 Qb7 17. Rfc1 h6 18. Qb2 Rfc8 19. b5 Rxc1+ 20. Rxc1 a5 21.
bxa6 Rxa6 22. Rb1 Ne4 23. Ne5 Ra2 24. Qb5 Ra8 25. Rc1 Rd8 26. Nc6 Bxc6 27. Rxc6
Rxd4 28. Bxe4 Rxe4 29. Rxb6 Qd5 30. Qxd5 exd5 31. e3 Ra4 32. Rd6 Ra5 33. Kg2 1/2-1/2

[Event "50th Sparkassen Open A"]
[Site "Dortmund GER"]
[Date "2023.06.25"]
[Round "2.7"]
[White "Mendonca, Leon Luke"]
[Black "Garner, Isaac"]
[Result "1-0"]
[WhiteTitle "GM"]
[WhiteElo "2623"]
[BlackElo "2359"]
[WhiteFideId "35028561"]
[BlackFideId "16239261"]
[EventDate "2023.06.24"]

1. c4 Nf6 2. Nc3 c5 3. Nf3 Nc6 4. e3 e5 5. Be2 d5 6. cxd5 Nxd5 7. Bb5 Nxc3 8.
bxc3 Bd6 9. O-O O-O 10. e4 Qc7 11. h3 a6 12. Bc4 b5 13. Bd5 Rb8 14. d3 Ne7 15.
c4 Nxd5 16. cxd5 f5 17. Nd2 fxe4 18. Nxe4 Bf5 19. Qe2 Rbd8 20. Bg5 Rd7 21. Rac1
Qb7 22. Rfe1 Qxd5 23. Nxd6 Qxd6 24. Qxe5 Qxe5 25. Rxe5 Bxd3 26. Rexc5 Bc4 27. a3
Rd5 28. Rxd5 Bxd5 29. Rc5 Bc4 30. Rc6 a5 31. Bd2 a4 32. Bb4 Rf6 33. Rc8+ Kf7 34.
Rc7+ Kg8 35. Rc8+ Kf7 36. Bc3 Rg6 37. Rc7+ Kg8 38. f3 h5 39. Kf2 h4 40. Rc5 Rh6
41. Rg5 g6 42. Rg4 Kf7 43. Rf4+ Ke6 44. Rf6+ Ke7 45. Rb6 Kf7 46. Rf6+ Ke7 47.
Rf4 g5 48. Rf5 Rg6 49. Bd2 Ke6 50. Rxg5 Rxg5 51. Bxg5 b4 52. axb4 a3 53. Bc1 a2
54. Bb2 Kf5 55. g3 hxg3+ 56. Kxg3 Bf1 57. h4 Bb5 58. f4 Bc6 59. h5 Ba4 60. Bg7
Be8 61. h6 Kg6 62. f5+ Kf7 63. Kf4 Bd7 64. Kg5 Kg8 65. Bd4 1-0

[Event "50th Sparkassen Open A"]
[Site "Dortmund GER"]
[Date "2023.06.25"]
[Round "2.8"]
[White "Souhardo, Basak"]
[Black "Svane, Frederik"]
[Result "0-1"]
[WhiteTitle "IM"]
[BlackTitle "GM"]
[WhiteElo "2400"]
[BlackElo "2603"]
[WhiteFideId "35092910"]
[BlackFideId "12923044"]
[EventDate "2023.06.24"]

1. e4 e5 2. Nf3 Nc6 3. Bb5 a6 4. Ba4 Nf6 5. O-O Be7 6. Re1 b5 7. Bb3 d6 8. c3
O-O 9. h3 Nb8 10. d4 Nbd7 11. Nbd2 c5 12. d5 Nb6 13. Bc2 a5 14. b3 a4 15. b4 Qc7
16. a3 Bd7 17. Nf1 Rac8 18. Ne3 h5 19. Bd2 g6 20. Bd3 c4 21. Bc2 Nh7 22. Nf1 Kh8
23. Kh1 Rce8 24. Qe2 Bd8 25. Rad1 Qc8 26. Be3 f5 27. Bxb6 Bxb6 28. Nh4 Rf6 29.
exf5 gxf5 30. Ne3 Rg8 31. Kh2 Qf8 32. Nf1 Qh6 33. Qd2 f4 34. Bxh7 Kxh7 35. Re2
Qg5 36. g3 Bxf2 0-1

[Event "50th Sparkassen Open A"]
[Site "Dortmund GER"]
[Date "2023.06.25"]
[Round "2.9"]
[White "Niedbala, Bartlomiej"]
[Black "Safarli, Eltaj"]
[Result "1/2-1/2"]
[WhiteTitle "FM"]
[BlackTitle "GM"]
[WhiteElo "2391"]
[BlackElo "2609"]
[WhiteFideId "21834008"]
[BlackFideId "13402129"]
[EventDate "2023.06.24"]

1. e4 c5 2. Nf3 Nc6 3. d4 cxd4 4. Nxd4 Nf6 5. Nc3 e6 6. Ndb5 Bc5 7. Bf4 O-O 8.
Bc7 Qe7 9. Bd6 Bxd6 10. Qxd6 Qd8 11. O-O-O a6 12. Nd4 Ne7 13. h4 b5 14. h5 Ne8
15. Qh2 b4 16. h6 g6 17. Na4 Qa5 18. b3 d6 19. Qh4 Ra7 20. Kb1 Rc7 21. f4 d5 22.
e5 Nf5 23. Nxf5 exf5 24. Be2 Bd7 25. Bf3 Bxa4 26. bxa4 Qc5 27. Rd2 d4 28. Qd8
Ng7 29. Qxd4 Ne6 30. Qxc5 Nxc5 31. a5 Na4 32. Re1 Re8 33. Rd4 Nc3+ 34. Kb2 Na4+
35. Kb1 Nc3+ 36. Kb2 1/2-1/2

[Event "50th Sparkassen Open A"]
[Site "Dortmund GER"]
[Date "2023.06.25"]
[Round "2.10"]
[White "Prohaszka, Peter2"]
[Black "Niermann, Tristan"]
[Result "1-0"]
[WhiteTitle "GM"]
[BlackTitle "FM"]
[WhiteElo "2585"]
[BlackElo "2336"]
[WhiteFideId "726265"]
[BlackFideId "12990698"]
[EventDate "2023.06.24"]

1. Nf3 Nf6 2. g3 g6 3. b3 Bg7 4. Bb2 c5 5. c4 b6 6. Bg2 Bb7 7. O-O O-O 8. Nc3 d5
9. Nxd5 Nxd5 10. Bxg7 Kxg7 11. cxd5 Qxd5 12. d4 cxd4 13. Qxd4+ Qxd4 14. Nxd4
Bxg2 15. Kxg2 Rc8 16. Rac1 Na6 17. a3 Nc5 18. b4 Ne4 19. Rfd1 a6 20. Nc6 Rc7 21.
Ne5 Rac8 22. Rxc7 Rxc7 23. Rd7 Rxd7 24. Nxd7 Nc3 25. Kf3 a5 26. Nxb6 axb4 27.
axb4 Na2 28. b5 Nc3 29. Nc8 Nxb5 30. Nxe7 Kf6 31. Nc6 h5 32. Ke3 Nd6 33. f3 Nf5+
34. Kf2 Ke6 35. e4 Nd6 36. Nd4+ Ke5 37. Nc6+ Ke6 38. Ke3 Kd7 39. Ne5+ Ke6 40.
Nc6 Kd7 41. Nd4 Nc4+ 42. Kd3 Ne5+ 43. Ke2 Kd6 44. f4 Nc4 45. Nf3 Ke6 46. Kd3
Nb2+ 47. Kd4 Nd1 48. Ne5 Nf2 49. Nd3 Ng4 50. h3 Nh2 51. Nc5+ Ke7 52. Ke3 Nf1+
53. Kf3 Nd2+ 54. Ke2 Nc4 55. Na4 Ke6 56. Kd3 Nd6 57. Nc3 Nb7 58. Kd4 Na5 59. Ne2
Kd6 60. e5+ Ke7 61. Ke4 Nb3 62. f5 Nc5+ 63. Kd5 Nd3 64. f6+ Kd7 65. Nf4 Nb4+ 66.
Ke4 Ke8 67. g4 hxg4 68. hxg4 Na6 69. g5 Nc7 70. e6 Nb5 71. Ke5 Na3 72. Kd5 Nb5
73. e7 Kd7 74. Nd3 Nc7+ 75. Kc4 Ke8 76. Nf4 Kd7 77. Kc5 Na6+ 78. Kb5 Nc7+ 79.
Kb6 Ne8 80. Kb7 Nd6+ 81. Kb8 Ne4 82. Nd5 Nd6 83. Nc7 Ne8 84. Nxe8 Kxe8 85. Kb7
Kd7 86. e8=Q+ 1-0

[Event "50th Sparkassen Open A"]
[Site "Dortmund GER"]
[Date "2023.06.25"]
[Round "2.11"]
[White "Nguyen, Alex Dac-Vuong"]
[Black "Laurent-Paoli, Pierre"]
[Result "0-1"]
[WhiteTitle "FM"]
[BlackTitle "IM"]
[WhiteElo "2335"]
[BlackElo "2552"]
[WhiteFideId "12984388"]
[BlackFideId "26017962"]
[EventDate "2023.06.24"]

1. e4 e6 2. d4 d5 3. Nc3 Nf6 4. e5 Nfd7 5. f4 c5 6. Nf3 Nc6 7. Be3 Qb6 8. Be2
cxd4 9. Nxd4 Bc5 10. Na4 Qa5+ 11. c3 Nxd4 12. Bxd4 Bxd4 13. Qxd4 b6 14. Bd1 Ba6
15. b4 Qb5 16. Nb2 Qc6 17. a4 Qc7 18. a5 O-O 19. Ba4 Nb8 20. b5 Bc8 21. c4 Nd7
22. O-O bxa5 23. cxd5 exd5 24. Qxd5 Nb6 25. Qc6 Qe7 26. Nc4 Bd7 27. Qd6 Qxd6 28.
Nxd6 a6 29. Bc2 axb5 30. Be4 Ra7 31. Rfc1 b4 32. f5 Rb8 33. g4 a4 34. Rcb1 Nc8
35. Nxc8 Bxc8 36. Bc6 a3 37. Rb3 g6 38. e6 fxe6 39. f6 Rc7 40. Ba4 Rbb7 41. Rd3
Kf7 42. g5 Rc5 43. Rd8 Rxg5+ 44. Kf2 Rc7 0-1

[Event "50th Sparkassen Open A"]
[Site "Dortmund GER"]
[Date "2023.06.25"]
[Round "2.12"]
[White "Papp, Gabor1"]
[Black "Tokhirjonova, Gulrukhbegim"]
[Result "0-1"]
[WhiteTitle "GM"]
[BlackTitle "WGM"]
[WhiteElo "2558"]
[BlackElo "2340"]
[WhiteFideId "718602"]
[BlackFideId "14203626"]
[EventDate "2023.06.24"]

1. c4 Nf6 2. g3 e6 3. Bg2 d5 4. Nf3 Be7 5. O-O O-O 6. d4 dxc4 7. Qc2 c6 8. Qxc4
b5 9. Qc2 Bb7 10. Nc3 Nbd7 11. Rd1 Qb6 12. e4 h6 13. h3 Rac8 14. Be3 c5 15. d5
exd5 16. Nxd5 Nxd5 17. exd5 Rfd8 18. Qf5 Qf6 19. Qh5 Nb6 20. Nh2 g6 21. Qe2 Bxd5
22. Ng4 Qe6 23. Nxh6+ Kh7 24. Qxb5 Bxg2 25. Kxg2 f5 26. Qa6 Rd7 27. a4 Rcd8 28.
Rxd7 Qxd7 29. Re1 Bf8 30. Bg5 Qd5+ 31. Kg1 Rd7 32. Nxf5 Qxf5 33. h4 Rf7 34. Re2
Bg7 35. a5 Nd5 36. Kh2 Qf3 37. Qe6 Bd4 38. Bf4 Re7 0-1

[Event "50th Sparkassen Open A"]
[Site "Dortmund GER"]
[Date "2023.06.25"]
[Round "2.13"]
[White "Hrebenshchykova, Yelyzaveta"]
[Black "Kobo, Ori"]
[Result "0-1"]
[WhiteTitle "WIM"]
[BlackTitle "GM"]
[WhiteElo "2335"]
[BlackElo "2556"]
[WhiteFideId "14159899"]
[BlackFideId "2812320"]
[EventDate "2023.06.24"]

1. Nf3 Nf6 2. c4 g6 3. Nc3 Bg7 4. e4 d6 5. d4 O-O 6. Be2 e5 7. O-O Bg4 8. d5 a5
9. Be3 Na6 10. h3 Bd7 11. Ne1 b6 12. Qc2 Nc5 13. Rd1 Kh8 14. Kh1 Qe7 15. b3 Ng8
16. Nd3 Rae8 17. b4 Nxd3 18. Bxd3 axb4 19. Nb5 Ra8 20. f4 exf4 21. Bxf4 Ra5 22.
Qb1 Bxb5 23. cxb5 Be5 24. Bc4 Bc3 25. Qd3 Raa8 26. Rc1 Rae8 27. Rxc3 bxc3 28.
Qxc3+ f6 29. Bd3 Ra8 30. Rf2 Ra4 31. Be3 Rfa8 32. Bd4 Kg7 33. Bc4 Rf8 34. Bb3
Raa8 35. a4 Rf7 36. Bc2 Kf8 37. g4 Re8 38. Kg2 Qd8 39. Qg3 Qe7 40. Qc3 Ra8 41.
Kh2 Qd7 42. Qf3 Re8 43. h4 Nh6 44. Kg3 Ng8 45. Kh2 Ra8 46. Rf1 Qe7 47. Qg3 Qe8
48. Rf2 Ke7 49. Qc3 Qc8 50. Qf3 Qe8 51. Kg3 Qd7 52. Be3 Raf8 53. Bd3 Rg7 54. Kh2
Rgf7 55. Ra2 Ra8 56. Ra1 Ke8 57. Bc2 Qe7 58. Bd4 f5 59. exf5 Qxh4+ 60. Kg2 gxf5
61. Bxf5 Ne7 62. Qe3 Rxf5 63. gxf5 Qg4+ 64. Kh2 Qxf5 65. Re1 Qh5+ 66. Kg3 Qf7
67. Qg5 Kd7 68. Bf6 Re8 69. Qg4+ Kd8 70. Qg5 Rg8 71. Bxe7+ Kc8 72. Re6 Rxg5+ 73.
Bxg5 Qf5 0-1

[Event "50th Sparkassen Open A"]
[Site "Dortmund GER"]
[Date "2023.06.25"]
[Round "2.14"]
[White "Citak, Selim"]
[Black "Pranav, Anand"]
[Result "0-1"]
[WhiteTitle "FM"]
[BlackTitle "GM"]
[WhiteElo "2332"]
[BlackElo "2510"]
[WhiteFideId "6301819"]
[BlackFideId "46626786"]
[EventDate "2023.06.24"]

1. d4 d5 2. c4 e6 3. Nf3 Nf6 4. Nc3 Nbd7 5. Bg5 Bb4 6. e3 c5 7. cxd5 exd5 8.
dxc5 Qa5 9. Bxf6 Nxf6 10. Qc2 Ne4 11. Nd2 Nxc3 12. bxc3 Bxc3 13. Rc1 Bb4 14. Bd3
Bd7 15. Ke2 Rc8 16. Nb3 Qa4 17. Nd4 Qa5 18. Bf5 Ba4 19. Qb2 Rxc5 20. Rxc5 Bxc5
21. Qxb7 O-O 22. Nb3 Bxb3 23. Qxb3 d4 24. Rc1 dxe3 25. Qd5 Rd8 26. Qxc5 Qd2+ 27.
Kf3 Qxf2+ 28. Kg4 Qxg2+ 29. Kf4 Qf2+ 30. Kg4 g6 31. Be4 h5+ 32. Kh3 Qf4 0-1

[Event "50th Sparkassen Open A"]
[Site "Dortmund GER"]
[Date "2023.06.25"]
[Round "2.15"]
[White "Raja, Harshit"]
[Black "Scholz, Christian"]
[Result "1-0"]
[WhiteTitle "GM"]
[BlackTitle "IM"]
[WhiteElo "2510"]
[BlackElo "2331"]
[WhiteFideId "5089000"]
[BlackFideId "4617150"]
[EventDate "2023.06.24"]

1. e4 c5 2. Nf3 d6 3. d4 cxd4 4. Nxd4 Nf6 5. Nc3 a6 6. Be3 e5 7. Nf3 Qc7 8. Be2
Be7 9. a4 O-O 10. O-O Nbd7 11. Nd2 b6 12. Nc4 Nc5 13. b4 Ncxe4 14. Nxe4 Nxe4 15.
Nxb6 Rb8 16. Nd5 Qd8 17. b5 axb5 18. Ba7 Ra8 19. Bb6 Qd7 20. Bxb5 Qe6 21. f3 Ng5
22. Nc7 Qg6 23. Nxa8 Bb7 24. Nc7 d5 25. a5 d4 26. Kh1 Rc8 27. a6 Qxb6 28. axb7
Qxb7 29. Ba6 Qxc7 30. Bxc8 Qxc8 31. Ra5 Qc7 32. Qe1 f6 33. f4 Nf7 34. Ra8+ Nd8
35. fxe5 fxe5 36. Qe4 h6 37. Qg6 Qc4 38. Kg1 Qd5 39. Ra7 Nc6 40. Qe8+ Kh7 41.
Rc7 1-0

[Event "50th Sparkassen Open A"]
[Site "Dortmund GER"]
[Date "2023.06.25"]
[Round "2.16"]
[White "Woelk, Tom-Frederic"]
[Black "Samant, Aditya S"]
[Result "1/2-1/2"]
[WhiteTitle "FM"]
[BlackTitle "IM"]
[WhiteElo "2318"]
[BlackElo "2503"]
[WhiteFideId "12993077"]
[BlackFideId "35080580"]
[EventDate "2023.06.24"]

1. e4 c5 2. Nf3 d6 3. d4 cxd4 4. Nxd4 Nf6 5. Nc3 Nc6 6. Bg5 e6 7. Qd2 a6 8.
O-O-O Bd7 9. f4 Be7 10. Nf3 b5 11. Bxf6 gxf6 12. f5 Qb6 13. Bd3 O-O-O 14. Kb1
Kb8 15. Ne2 Bc8 16. Rhf1 d5 17. exd5 Rxd5 18. Qh6 Rdd8 19. Qg7 h5 20. Be4 Rdg8
21. Qxf7 Rf8 22. Qg7 Rfg8 1/2-1/2

[Event "50th Sparkassen Open A"]
[Site "Dortmund GER"]
[Date "2023.06.25"]
[Round "2.17"]
[White "Dolzhykova, Kateryna"]
[Black "Prraneeth, Vuppala"]
[Result "1-0"]
[WhiteTitle "WIM"]
[BlackTitle "IM"]
[WhiteElo "2321"]
[BlackElo "2498"]
[WhiteFideId "14113414"]
[BlackFideId "46622373"]
[EventDate "2023.06.24"]

1. e4 c5 2. Nc3 d6 3. d4 cxd4 4. Qxd4 Nc6 5. Qd2 g6 6. b3 Bh6 7. f4 Nf6 8. Bb2
O-O 9. O-O-O e5 10. g3 Re8 11. Kb1 Nd4 12. Bg2 Bg4 13. Re1 b5 14. h3 Bd7 15.
Nge2 b4 16. Nd5 Nxd5 17. exd5 Nb5 18. Qxb4 a5 19. Qc4 a4 20. fxe5 axb3 21. e6
Qa5 22. Qxb3 Reb8 23. exd7 Bg7 24. Kc1 Na3 25. Nc3 Bh6+ 26. Kd1 Qc5 27. Qxb8+
Rxb8 28. Re8+ Bf8 29. Rxb8 Qd4+ 30. Ke2 Nc4 31. Rxf8+ Kg7 32. Rg8+ Kxg8 33.
d8=Q+ Kg7 34. Ne4 Qxb2 35. Qf6+ 1-0

[Event "50th Sparkassen Open A"]
[Site "Dortmund GER"]
[Date "2023.06.25"]
[Round "2.18"]
[White "Raja, Rithvik R"]
[Black "Waldhausen Gordon, Frederick"]
[Result "1-0"]
[WhiteTitle "GM"]
[BlackTitle "FM"]
[WhiteElo "2488"]
[BlackElo "2325"]
[WhiteFideId "35007394"]
[BlackFideId "2409143"]
[EventDate "2023.06.24"]

1. e4 c5 2. Nf3 g6 3. d4 cxd4 4. Nxd4 Nc6 5. c4 Nf6 6. Nc3 Nxd4 7. Qxd4 d6 8.
Be2 Bg7 9. O-O O-O 10. Qd3 Bd7 11. Rd1 a6 12. c5 Bc6 13. cxd6 Qxd6 14. Qxd6 exd6
15. Rxd6 Rfd8 16. Rxd8+ Rxd8 17. f3 Nd7 18. Be3 Ne5 19. Rd1 Rxd1+ 20. Nxd1 b5
21. b3 Bd7 22. Nf2 f5 23. exf5 Bxf5 24. Ne4 Nc6 25. Kf2 Nb4 26. a4 bxa4 27. Bc4+
Kh8 28. bxa4 Bd7 29. a5 Nc6 30. Bb6 Bc8 31. Nd6 Ne5 32. Be2 Be6 33. Bxa6 Nd7 34.
Bc4 Nxb6 35. Bxe6 Bd4+ 36. Ke2 Na4 37. a6 Kg7 38. Nb5 Be5 39. a7 Nb6 40. g3 h5
41. Bd5 g5 42. a8=Q Nxa8 43. Bxa8 h4 44. Kf2 hxg3+ 45. hxg3 Kf6 46. Kg2 Bb2 47.
Kh3 Kf5 48. Nd6+ Kf6 49. Kg4 Bc1 50. Be4 Be3 51. Bf5 Kg7 52. Bc2 Bc1 53. Kh5 Be3
54. Nf5+ Kf6 55. Nxe3 1-0

[Event "50th Sparkassen Open A"]
[Site "Dortmund GER"]
[Date "2023.06.25"]
[Round "2.19"]
[White "Gaal, Zsoka"]
[Black "Dudin, Gleb"]
[Result "0-1"]
[WhiteTitle "WIM"]
[BlackTitle "IM"]
[WhiteElo "2328"]
[BlackElo "2486"]
[WhiteFideId "777765"]
[BlackFideId "34184934"]
[EventDate "2023.06.24"]

1. d4 Nf6 2. c4 c6 3. Nf3 d5 4. e3 Bf5 5. Nc3 e6 6. Nh4 Bg6 7. Be2 Nbd7 8. O-O
Ne4 9. Nxg6 hxg6 10. h3 Bd6 11. Nxe4 dxe4 12. Qc2 Qg5 13. Qxe4 Rxh3 14. Qg4 Qxg4
15. Bxg4 Rh4 16. Bd1 Bh2+ 17. Kh1 O-O-O 18. g4 Bc7+ 19. Kg2 Rh2+ 20. Kf3 f5 21.
g5 c5 22. b4 cxd4 23. exd4 Nb8 24. b5 Rxd4 25. Be3 Rdh4 26. Bb3 Nd7 27. c5 R4h3+
28. Ke2 f4 29. Bd4 e5 30. Bb2 Nxc5 31. Rac1 Re3+ 32. Kd1 Nd3 33. Rc2 Rf3 34. Ke2
Re3+ 35. Kd1 Nxb2+ 36. Rxb2 Rd3+ 37. Rd2 Rxd2+ 38. Kxd2 Bb6 39. Kd3 Bxf2 40. Ke4
Bd4 41. Rc1+ Kd7 42. Kd5 f3 43. Bc4 Rd2 44. b6 Bb2+ 45. Ke4 Rd4+ 46. Kxe5 Rxc4+
47. Kd5 Rxc1 0-1

[Event "50th Sparkassen Open A"]
[Site "Dortmund GER"]
[Date "2023.06.26"]
[Round "3.1"]
[White "Bluebaum, Matthias"]
[Black "Raja, Rithvik R"]
[Result "1-0"]
[WhiteTitle "GM"]
[BlackTitle "GM"]
[WhiteElo "2672"]
[BlackElo "2488"]
[WhiteFideId "24651516"]
[BlackFideId "35007394"]
[EventDate "2023.06.24"]

1. Nf3 d5 2. g3 Nf6 3. Bg2 c5 4. O-O g6 5. c3 Bg7 6. d4 cxd4 7. cxd4 O-O 8. Nc3
Ne4 9. Ne5 Nxc3 10. bxc3 Nc6 11. Nxc6 bxc6 12. Qa4 Qb6 13. Ba3 Qa6 14. Qxa6 Bxa6
15. Rfb1 Rfe8 16. e3 Bf8 17. Bf1 Bxf1 18. Kxf1 Reb8 19. Bc5 a5 20. Rb3 Rxb3 21.
axb3 e6 22. b4 Bxc5 23. dxc5 a4 24. Ke2 Kf8 25. Kd3 Ke7 26. e4 Kd7 27. e5 g5 28.
g4 h6 29. Ra3 Kc7 30. Kd4 Kb7 31. h3 Kc7 32. c4 dxc4 33. Kxc4 Kb7 34. Rf3 f5 35.
exf6 a3 36. Rd3 Kc7 37. f7 a2 38. Rd1 Rf8 39. Ra1 Rxf7 40. Rxa2 Rf4+ 41. Kc3 e5
42. Ra7+ Kd8 43. Rh7 Rf3+ 44. Kc4 Rxh3 45. b5 cxb5+ 46. Kxb5 Rf3 47. Rxh6 Rxf2
48. Rg6 e4 49. Rxg5 Rf4 50. Rd5+ Kc7 51. g5 e3 52. Re5 Rg4 53. Re7+ Kc8 54. c6 1-0

[Event "50th Sparkassen Open A"]
[Site "Dortmund GER"]
[Date "2023.06.26"]
[Round "3.2"]
[White "Dudin, Gleb"]
[Black "Donchenko, Alexander"]
[Result "0-1"]
[WhiteTitle "IM"]
[BlackTitle "GM"]
[WhiteElo "2486"]
[BlackElo "2667"]
[WhiteFideId "34184934"]
[BlackFideId "24603295"]
[EventDate "2023.06.24"]

1. d4 Nf6 2. c4 e6 3. Nc3 Bb4 4. e3 O-O 5. Bd3 Re8 6. Ne2 d5 7. a3 Bf8 8. O-O
Nbd7 9. c5 e5 10. b4 g6 11. a4 Bg7 12. a5 a6 13. c6 bxc6 14. Na4 e4 15. Bc2 Bf8
16. Nc5 Bd6 17. h3 Nh5 18. Ba4 Nb8 19. f4 exf3 20. Rxf3 Qh4 21. Bd2 Bf5 22. Qe1
Qe7 23. Nc3 Bxc5 24. bxc5 Bd3 25. g4 Nf6 26. Qh4 Ne4 27. Qxe7 Rxe7 28. Nxe4 Bxe4
29. Rf2 Ra7 30. Bc3 Bd3 31. Re1 Rb7 32. Rb2 Rxb2 33. Bxb2 h6 34. Bc1 Kg7 35. Bd2
Re6 36. Rc1 Nd7 37. Rc3 Bb5 38. Bd1 Nf6 39. Bf3 Ne4 40. Bxe4 Rxe4 41. Be1 g5 42.
Bg3 Re7 43. Kf2 Kg6 44. Rc2 h5 45. gxh5+ Kxh5 46. Kf3 f6 47. Rh2 Bd3 48. Rb2 Bb5
49. Rh2 Kg6 50. h4 Rf7 51. Be1 Bd3 52. Rb2 Be4+ 53. Kg3 Bd3 54. Rb8 Kf5 55. hxg5
fxg5 56. Re8 Be4 57. Re5+ Kg6 58. Kg4 Bf5+ 59. Kg3 Rh7 60. Re8 Kf7 61. Ra8 Rh3+
62. Kg2 Rxe3 63. Kf2 Re6 64. Rxa6 Bd3 65. Ra7 Re2+ 66. Kf1 Kg6 67. Bg3 Kh5 68.
Rxc7 Kg4 69. Bd6 Kf3 70. Rf7+ Ke3 71. Kg1 Be4 72. a6 Rg2+ 73. Kf1 Ra2 74. Kg1
Rxa6 75. Be5 Ra2 76. Rf6 Rg2+ 77. Kf1 Rg4 78. Ke1 Bd3 79. Bh2 Rg2 80. Rf2 Rxf2
81. Bg1 Kxd4 82. Bxf2+ Kc4 83. Kd2 Be4 0-1

[Event "50th Sparkassen Open A"]
[Site "Dortmund GER"]
[Date "2023.06.26"]
[Round "3.4"]
[White "Feuerstack, Aljoscha"]
[Black "Aryan, Chopra"]
[Result "0-1"]
[WhiteTitle "IM"]
[BlackTitle "GM"]
[WhiteElo "2462"]
[BlackElo "2626"]
[WhiteFideId "4681932"]
[BlackFideId "5084423"]
[EventDate "2023.06.24"]

1. d4 Nf6 2. c4 e6 3. g3 c5 4. d5 exd5 5. cxd5 d6 6. Nc3 g6 7. Bg2 Bg7 8. Nf3
O-O 9. O-O a6 10. a4 Nbd7 11. Bf4 Qc7 12. Rc1 Re8 13. b4 Nh5 14. Bd2 Qb6 15. Ne1
cxb4 16. a5 Qxa5 17. Ne4 Rxe4 18. Bxe4 Nc5 19. Rc4 Qa2 20. Rc2 Qa3 21. Bc1 Qa5
22. Bf3 b3 23. Rd2 Bh3 24. Bg2 Bxg2 25. Kxg2 Ne4 26. Rb2 Bxb2 27. Bxb2 Nc3 28.
Qxb3 Qxd5+ 29. Qxd5 Nxd5 30. Nd3 Ng7 31. e4 Nc7 32. Rc1 Nge8 33. Bd4 Kf8 34. Bb6
Nb5 35. Nb4 Nf6 36. f3 a5 37. Nd3 Nd7 38. Be3 b6 39. Rb1 Na3 40. Rc1 a4 41. Bf4
Ke7 42. Nb4 Nb5 43. Nd5+ Kd8 44. Bg5+ f6 45. Nxf6 Nxf6 46. Bxf6+ Kd7 47. Rb1 Ra5
48. f4 a3 49. f5 a2 50. Rf1 Na3 51. Rf2 Nc4 52. Ba1 gxf5 53. exf5 Rxf5 54. Rxf5
Ne3+ 55. Kf3 Nxf5 56. Kf4 Ke6 57. h4 h5 58. g4 hxg4 59. Kxg4 Nxh4 60. Kxh4 Kf5 0-1

[Event "50th Sparkassen Open A"]
[Site "Dortmund GER"]
[Date "2023.06.26"]
[Round "3.5"]
[White "Willow, Jonah B"]
[Black "Mendonca, Leon Luke"]
[Result "0-1"]
[WhiteTitle "IM"]
[BlackTitle "GM"]
[WhiteElo "2447"]
[BlackElo "2623"]
[WhiteFideId "438804"]
[BlackFideId "35028561"]
[EventDate "2023.06.24"]

1. e4 c5 2. Nf3 d6 3. d4 cxd4 4. Nxd4 Nf6 5. Nc3 a6 6. f3 e5 7. Nb3 Be6 8. Be3
Be7 9. Qd2 O-O 10. O-O-O Nbd7 11. g4 b5 12. g5 Nh5 13. Nd5 Bxd5 14. exd5 f6 15.
gxf6 Bxf6 16. Kb1 Kh8 17. Na5 Qe8 18. Bd3 Bd8 19. Nb7 Bc7 20. Qb4 Qb8 21. Na5
Bxa5 22. Qxa5 Rxf3 23. Bd2 Nhf6 24. Rhf1 Rxf1 25. Bxf1 Nb6 26. Bg5 Ne4 27. Bh4
Qb7 28. Bg2 Nc5 29. Rf1 e4 30. Qd2 Qxd5 31. Qf4 Nc4 32. Kc1 Rg8 33. Rd1 Qh5 34.
b3 Ne6 35. Qg3 Qh6+ 36. Kb1 Ne3 37. Rxd6 Nf5 0-1

[Event "50th Sparkassen Open A"]
[Site "Dortmund GER"]
[Date "2023.06.26"]
[Round "3.6"]
[White "Svane, Frederik"]
[Black "Buckels, Valentin"]
[Result "1-0"]
[WhiteTitle "GM"]
[BlackTitle "IM"]
[WhiteElo "2603"]
[BlackElo "2442"]
[WhiteFideId "12923044"]
[BlackFideId "12942766"]
[EventDate "2023.06.24"]

1. e4 e5 2. Nf3 Nc6 3. Bb5 a6 4. Ba4 Nf6 5. O-O Bc5 6. c3 O-O 7. d4 Ba7 8. Bg5
exd4 9. e5 h6 10. Bxf6 gxf6 11. Qd2 d6 12. exd6 Qxd6 13. Qxh6 Ne7 14. Bb3 Nf5
15. Qg6+ Ng7 16. Nxd4 c5 17. Nd2 Bb8 18. N4f3 Bf5 19. Qh6 b5 20. Rfe1 c4 21. Re4
Qd3 22. Rd4 cxb3 23. Rxd3 Bxd3 24. axb3 Be5 25. Nxe5 fxe5 26. Rxa6 b4 27. Rxa8
Rxa8 28. h3 1-0

[Event "50th Sparkassen Open A"]
[Site "Dortmund GER"]
[Date "2023.06.26"]
[Round "3.7"]
[White "Guo, Arthur"]
[Black "Prohaszka, Peter2"]
[Result "1-0"]
[WhiteTitle "IM"]
[BlackTitle "GM"]
[WhiteElo "2445"]
[BlackElo "2585"]
[WhiteFideId "30903114"]
[BlackFideId "726265"]
[EventDate "2023.06.24"]

1. e4 c6 2. d4 d5 3. e5 Bf5 4. Nf3 e6 5. Be2 Nd7 6. O-O a5 7. a4 f6 8. Bd3 Bxd3
9. Qxd3 fxe5 10. dxe5 Nc5 11. Qd4 Qd7 12. Be3 Nh6 13. Bxh6 gxh6 14. Nbd2 Rg8 15.
c3 h5 16. h3 Qf7 17. Qe3 Be7 18. Kh1 Qg6 19. Ne1 O-O-O 20. b4 axb4 21. cxb4 Ne4
22. b5 Bg5 23. f4 Bh4 24. Nxe4 Qxe4 25. Qd2 d4 26. Nf3 Bg3 27. bxc6 bxc6 28.
Rab1 Bxf4 29. Qb4 Kd7 30. Qd6+ Ke8 31. Qxe6+ Kf8 32. Qf6+ Ke8 33. Rb7 1-0